|
|
|
|
| LEADER |
01545nam a2200409 a 4500 |
| 001 |
EBC318696 |
| 003 |
MiAaPQ |
| 005 |
20200520144314.0 |
| 006 |
m o d | |
| 007 |
cr cn||||||||| |
| 008 |
040319s2004 nyub sb 001 0 eng d |
| 010 |
|
|
|z 2004006344
|
| 020 |
|
|
|z 0875862845 (trade paper : alk. paper)
|
| 020 |
|
|
|z 0875862853 (hardcover : alk. paper)
|
| 020 |
|
|
|z 9780875862842
|
| 020 |
|
|
|a 0875862861 (electronic bk.)
|
| 020 |
|
|
|a 9780875862866 (electronic bk.)
|
| 035 |
|
|
|a (MiAaPQ)EBC318696
|
| 035 |
|
|
|a (Au-PeEL)EBL318696
|
| 035 |
|
|
|a (CaPaEBR)ebr10476745
|
| 035 |
|
|
|a (CaONFJC)MIL65613
|
| 035 |
|
|
|a (OCoLC)935264811
|
| 040 |
|
|
|a MiAaPQ
|c MiAaPQ
|d MiAaPQ
|
| 043 |
|
|
|a f-rh---
|
| 050 |
|
4 |
|a JQ2925
|b .C47 2004
|
| 082 |
0 |
4 |
|a 320.96891
|2 22
|
| 100 |
1 |
|
|a Chikuhwa, Jacob W.
|q (Jacob Wilson),
|d 1940-
|
| 245 |
1 |
2 |
|a A crisis of governance
|h [electronic resource] :
|b Zimbabwe /
|c Jacob Chikuhwa.
|
| 260 |
|
|
|a New York :
|b Algora Pub.,
|c 2004.
|
| 300 |
|
|
|a xiv, 353 p. :
|b map.
|
| 504 |
|
|
|a Includes bibliographical references (p. 337-341) and index.
|
| 505 |
0 |
|
|a pt. 1. Constitutional development -- pt. 2. Economic empowerment.
|
| 533 |
|
|
|a Electronic reproduction. Ann Arbor, MI : ProQuest, 2015. Available via World Wide Web. Access may be limited to ProQuest affiliated libraries.
|
| 651 |
|
0 |
|a Zimbabwe
|x Politics and government
|y 1980-
|
| 655 |
|
4 |
|a Electronic books.
|
| 710 |
2 |
|
|a ProQuest (Firm)
|
| 856 |
4 |
0 |
|u https://ebookcentral.proquest.com/lib/matrademy/detail.action?docID=318696
|z Click to View
|